| 000 | 01291nam a2200253Ia 4500 | ||
|---|---|---|---|
| 003 | Ost | ||
| 005 | 20260416102354.0 | ||
| 008 | 260416s9999||||xx |||||||||||||| ||und|| | ||
| 040 | _cfsecg | ||
| 041 | _aara | ||
| 082 | _a658.8 | ||
| 100 |
_aإيزيتي، خديجة _eمؤلف |
||
| 245 | 0 |
_aمحاضرات في التسويق / _c خديجة إيزيتي |
|
| 260 |
_aالجزائر _bجامعة الجزائر3: كلية العلوم الإقتصادية، العلوم التجارية وعلوم التسيير _c2019 |
||
| 300 |
_a133 ورقة _bايضاحات _c30 سم |
||
| 504 | _aمراجع ص.124 | ||
| 520 | _aطبيعة التسويق، معرفة البيئة التسويقية و السوق، تجزئة السوق،الاستهداف و التموقع، سلوك المستهلك، بحوث التسويق، استراتيجية المنتج، استراتيجية التسعير، استراتيجية الترويج، استراتيجية التسويق | ||
| 653 | _aالاسعار | ||
| 653 | _aالاسواق | ||
| 653 | _aالتسويق | ||
| 653 | _aالمستهلكون | ||
| 710 |
_aجامعة الجزائر3: كلية العلوم الإقتصادية، العلوم التجارية وعلوم التسيير _eناشر علمي |
||
| 942 | _cHANDOUT | ||
| 999 |
_c41132 _d41132 |
||